Confesiones / (Record no. 117097)

MARC details
000 -LEADER
campo de control de longitud fija 00770nam a2200229 i 4500
001 - NÚMERO DE CONTROL
campo de control 117097
003 - IDENTIFICADOR DE NÚMERO DE CONTROL
campo de control ES-MaACL
005 - FECHA Y HORA DE LA ÚLTIMA TRANSACCIÓN
campo de control 20250823051520.0
007 - CAMPO FIJO DE DESCRIPCIÓN FÍSICA--INFORMACIÓN GENERAL
campo de control de longitud fija t|
008 - DATOS DE LONGITUD FIJA--INFORMACIÓN GENERAL
campo de control de longitud fija 070228s1959 sp |||| | spa d
100 1# - ENTRADA PRINCIPAL--NOMBRE DE PERSONA
Nombre de persona Pasternak, Boris Leonidovich.
9 (RLIN) 89464
245 10 - MENCIÓN DEL TÍTULO
Título Confesiones /
Mención de responsabilidad, etc. Boris L. Pasternak ; traductores, Víctor Scholz y Álvaro Cunqueiro.
250 ## - MENCION DE EDICION
Mención de edición 1ª ed.
260 ## - PUBLICACIÓN, DISTRIBUCIÓN, ETC.
Lugar de publicación, distribución, etc. Barcelona :
Nombre del editor, distribuidor, etc. Ahr,
Fecha de publicación, distribución, etc. 1959.
300 ## - DESCRIPCIÓN FÍSICA
Extensión 229 p. ;
Dimensiones 19 cm.
500 ## - NOTA GENERAL
Nota general Índice onomástico.
700 1# - ENTRADA AGREGADA--NOMBRE PERSONAL
Nombre de persona Scholz, Víctor.
9 (RLIN) 104643
700 1# - ENTRADA AGREGADA--NOMBRE PERSONAL
Nombre de persona Cunqueiro, Álvaro,
Fechas asociadas al nombre 1911-1981
9 (RLIN) 42188
852 ## - LOCALIZACIÓN
Ubicación ES-MaACL
Número de control de estantería C-17138
852 ## - LOCALIZACIÓN
Ubicación ES-MaACL
Número de control de estantería L-32210
Nota libre - Enc. cart.
-- . - Donat. herederos de la bibl. de Mª del Pilar Costa Palacín
Holdings
Estatus retirado Estado de pérdida Estado de daño No para préstamo Biblioteca de origen Biblioteca actual Ubicación en estantería Fecha de adquisición Fuente de adquisición Total de préstamos Signatura topográfica completa Código de barras Visto por última vez Precio de reemplazo Tipo de ítem Koha
        Biblioteca del Ateneo de Madrid Biblioteca del Ateneo de Madrid Depósito 2 06/08/2018     L-32210 1199181 23/02/2023 23/02/2023 Libro impreso
        Biblioteca del Ateneo de Madrid Biblioteca del Ateneo de Madrid Galería 17/01/2008     C-17138 1122088 23/02/2023 23/02/2023 Libro impreso